Un personnage historique, un pays - Statistiques

Statistiques générales
  • Ce quiz a été pris 82 fois
  • Le résultat moyen est 11 sur 14
Statistiques - réponses
Personnage historique Pays % Correct
Jeanne d'Arc France
100%
Léonard de Vinci Italie
99%
Élisabeth II Royaume-Uni
99%
Cléopâtre Égypte
96%
Nelson Mandela Afrique du Sud
92%
Theodore Roosevelt États-Unis
89%
Vincent van Gogh Pays-Bas
88%
Pablo Picasso Espagne
87%
Marie Curie Pologne
87%
Anne Frank Allemagne
82%
Pape François Argentine
75%
Élisabeth de Wittelsbach (Sissi) Autriche
68%
Albert Ier Belgique
51%
Mère Teresa Inde
36%
Aucun quiz correspondant
Distribution des résultats
% des personnes avec chaque résultat
Percentile par nombre de réponses
Votre historique - résultats
Vous n’avez pas pris ce quiz